Leveraging longitudinal data in developing countries /

Guardado en:
Bibliografiske detaljer
Hovedforfatter: Durrant, Valerie L.
Andre forfattere: ed. Menken, Jane ed
Format: Texto
Udgivet: Washington: National Academy Prees
Fag:
Tags: Tilføj Tag
Ingen Tags, Vær først til at tagge denne postø!

MARC

LEADER 00000 a a2200000 04500
001 31371
003
040 |a CRAI/IIS  |c CRAI/IIS 
020 |a 0-309-08450-4  
090 |a 197900  
100 |a Durrant, Valerie L.  
245 |a Leveraging longitudinal data in developing countries /  |c Valerie L. Durrant 
260 |a Washington:   |b National Academy Prees  
300 |a 103 p.  
650 |a ANALISIS ESTADISTICO  
650 |a ANALISIS DE DATOS  
650 |a PAISES EN DESARROLLO  
650 |a ANALISIS ECONOMICO  
650 |a CONDICIONES ECONOMICAS  
650 |a METODOLOGIA  
700 |a ed.   |a Menken, Jane   |a ed.  
999 |c 17016  |d 17016